Zurich Airport (ZRH) Destinations - Statistics

General Stats
  • This quiz has been taken 773 times
    680 since last reset
  • The average score is 92 of 192
Answer Stats
Hint Answer % Correct
easyJet Berlin–Schönefeld
90%
AirBerlin, Swiss Air Berlin-Tegel
90%
British Airways, Swiss Air London-City
89%
easyJet, Swiss Air London-Gatwick
89%
British Airways, Swiss Air London-Heathrow
89%
easyJet London-Luton
89%
Delta, Swiss Air New York-JFK
88%
Aegean Airlines, Swiss Air Athens
86%
Air Europa, Iberia, Swiss Air Madrid
86%
Air Frace, Swiss Air Paris-Charles de Gaulle
86%
Alitalia, Swiss Air, Vueling Rome-Fiumicino
84%
Swiss Air Moscow-Domodedovo
83%
Aeroflot Moscow–Sheremetyevo
83%
Aer Lingus, Swiss Air Dublin
82%
Finnair Helsinki
82%
easyJet, Swiss Air, TAP Portugal, Vueling Lisbon
82%
Swiss Air, Vuelingf Barcelona
81%
Lufthansa, Swiss Air Frankfurt
81%
Lufthansa, Lufthansa Regional, Swiss Air Munich
81%
SAS, Swiss Air Oslo
81%
Emirates, Swiss Air Dubai
80%
AtlasGlobal, Swiss Air, Turkish Air Istanbul-Ataturk
80%
Pegasus Air Istanbul–Sabiha Gökçen
80%
SAS, Swiss Air Stockholm
80%
Austrian Air, Swiss Air Vienna
80%
easyJet, KLM, Swiss Air, Transavia Amsterdam
79%
easyJet, Eurowings, Swiss Air Hamburg
79%
Swiss Air Los Angeles
79%
SAS, Swiss Air Copenhagen
78%
Swiss Air Milan-Malpensa
78%
Croatia Air, Swiss Air Zagreb
78%
Air Canada Toronto-Pearson
76%
Air China, Swiss Air Beijing
75%
Singapore Airlines, Swiss Air Singapore
74%
airBaltic Riga
73%
Swiss Air Tokyo-Narita
73%
LOT Polish, Swiss Air Warsaw
73%
Swiss Air Manchester
72%
Swiss Air Miami
72%
Swiss Air, TAP Portugal, Vueling Porto
72%
Eithad Regional, Swiss Air Geneva
71%
Cathay Pacific, Swiss Air Hong Kong
71%
Swiss Air Marseille
70%
Swiss Air Shanghai-Pudong
70%
Bulgaria Air, Swiss Air Sofia
70%
Air Serbia, Swiss Air Belgrade
69%
Swiss Air Chicago-O'hare
69%
Swiss Air, Thai Airways Bangkok-Suvarnabhumi
68%
Swiss Air Brussels
68%
easyJet, Swiss Air Nice
68%
Swiss Air San Francisco
68%
Etihad Abu Dhabi
66%
Qatar Airways Doha
66%
AirBerlin, Eurowings, Swiss Air Dusseldorf
66%
El Al, Swiss Air Tel Aviv
66%
Swiss Air Boston
65%
Delta Atlanta
64%
Eurowings Cologne/Bonn
64%
Swiss Air, Ukraine Air Kiev-Boryspil
64%
Tunisair Tunis
64%
United Washington-Dulles
64%
Swiss Air Budapest
63%
Swiss Air Cairo
63%
easyJet, Swiss Air Naples
62%
Edelweiss Air Edinburgh
61%
Swiss Air Saint Petersburg
61%
Swiss Air Valencia
61%
Swiss Air Lyon
60%
Croatia Air, Edelweiss Air, Germania Flug Split
60%
easyJet, Swiss Air Venice
60%
Germania Flug Vilnius
60%
Germania Flug Ankara
59%
Swiss Air Bucharest
59%
Swiss Air Montreal-Trudeau
59%
Sichuan Air, Swiss Air, Vueling Prague
59%
Air Prishtina, Edelweiss Air, Helvetic Air Pristina
59%
Korean Air Seoul-Incheon
59%
Air Malta, Swiss Air Malta
58%
Edelweiss Air, Germania Flug, Niki, Swiss Air, Vueling Palma de Mallorca
56%
Swiss Air Stuttgart
56%
Helvetic Air Bordeaux
55%
Royal Air Maroc Casablanca
55%
Croatia Air, Edelweiss Air Dubrovnik
55%
Adria Airways Ljubljana
55%
Swiss Air Birmingham
54%
Edelweiss Air, Icelandair Reykjavik
53%
Edelweiss Air Vancouver
53%
Swiss Air Krakow
52%
Swiss Air Delhi
51%
Swiss Air, Vueling Malaga
51%
Swiss Air Mumbai
49%
Corendon Air, Edelweiss Air, SunExpress Antalya
48%
American Airlines Philadelphia
48%
Swiss Air Sarajevo
48%
Swiss Air Thessaloniki
48%
Montenegro Air Podgorica
47%
Edelweiss Air Rio de Janeiro
47%
Swiss Air Sao Paulo
47%
Swiss Air Bilbao
46%
Swiss Air Johannesburg
46%
Twin Air Toulouse
46%
Royal Jordanian Amman
45%
Swiss Air Florence
45%
Aegean Airlines, Edelweiss Air, Germania Flug, Niki Heraklion
45%
Edelweiss Air Seville
45%
Air Prishtina, Edelweiss Air, Helvetic Air Skopje
45%
Edelweiss Air Cape Town
44%
Edelweiss Air, Niki, Vueling Ibiza
44%
Swiss Air, United Newark
44%
Edelweiss Air Orlando
44%
SunExpress, Swiss Air Izmir
43%
Edelweiss Air, Niki, Vueling Tenerife-South
43%
Swiss Air Hanover
42%
Swiss Air Bari
41%
Oman Air, Swiss Air Muscat
41%
Swiss Air Gothenburg
40%
Aegean Airlines, Edelweiss Air, Niki Rhodes
40%
Germania Flug Beirut
39%
Swiss Air Dresden
39%
Swiss Air Graz
39%
Swiss Air Leipzig/Halle
39%
Niki, Swiss Air, Vueling Alicante
38%
Edelweiss Air, Niki, Swiss Air Catania
38%
Edelweiss Air, Niki Corfu
38%
Swiss Air Luxembourg
38%
Swiss Air Bergen
37%
Edelweiss Air, Niki Faro
36%
Edelweiss Air, Germania Flug, Niki Kos
35%
Edelweiss Air Las Vegas
34%
Edelweiss Air, Germania Flug, Niki, Swiss Air, Vueling Gran Canaria
33%
Helvetic Air Menorca
32%
Edelweiss Air Santorini
32%
Edelweiss Air Cagliari
30%
Swiss Air, Vueling Santiago de Compostela
30%
Edelweiss Air Larnaca
29%
Edelweiss Air Mykonos
29%
Edelweiss Air Cancun
28%
Swiss Air Cork
28%
Edelweiss Air, Germania Flug, Niki Funchal
28%
Swiss Air Nairobi
28%
Swiss Air Nuremberg
28%
BH Air, Edelweiss Air, Germania Flug Varna
27%
Edelweiss Air Calgary
26%
Edelweiss Air, Niki, Vueling Lanzarote
26%
Croatia Air, Edelweiss Air Pula
26%
Edelweiss Air, Germania Flug, Niki Fuerteventura
24%
Edelweiss Air Havana
24%
Edelweiss Air Male
24%
Edelweiss Air Tampa
24%
Edelweiss Air Bodrum
23%
Edelweiss Air, Germania Flug Hurghada
23%
Edelweiss Air Marrakech
22%
Edelweiss Air, Helvetic Air Olbia
22%
Edelweiss Air San Diego
22%
VLM Slovenia Antwerp
21%
Edelweiss Air, Helvetic Air Chania
21%
Sichuan Air Chengdu
21%
Edelweiss Air, Tunisair Djerba
21%
Swiss Air Lugano
21%
Swiss Air Wroclaw
21%
Niki Zakynthos
21%
BH Air, Germania Flug Burgas
20%
Edelweiss Air Phuket
20%
Edelweiss Air San Jose de Costa Rica
20%
Helvetic Air Shannon
20%
Edelweiss Air Punta Cana
19%
Germania Flug Agadir
18%
Niki, Swiss Air Brindisi
18%
Edelweiss Air, Germania Flug Sharm el-Sheikh
18%
Edelweiss Air Mauritius
17%
Edelweiss Air Paphos
17%
Helvetic Air Tromso
16%
Edelweiss Air Dalaman
15%
Swiss Air Dar es Salaam
15%
Germania Flug La Palma
15%
Germania Flug Jerez de la Frontera
14%
Edelweiss Air, Niki Lamezia Terme
14%
Swiss Air Nis
13%
Germania Flug Rovaniemi
12%
Niki Samos
12%
Edelweiss Air Marsa Alam
10%
Germania Flug Calvi
9%
Helvetic Air Ohrid
9%
Tunisair Enfidha
8%
Swiss Air Figari
7%
Finnair Kittilä
7%
VLM Slovenia Maribor
7%
Swiss Air Sion
7%
Swiss Air Sylt
7%
Helvetic Air Inverness
5%
airBaltic Heringsdorf
4%
Niki Araxos
1%
No matching quizzes found
Score Distribution
Percent of People with Each Score
Percentile by Number Answered
Your Score History
You have not taken this quiz since the last reset